[Event "4. Moscu Open 2008"]
[Site "Moscu RUS"]
[Date "2008.02.04"]
[Round "3.65"]
[White "Sjugirov, Sanan"]
[Black "Tjurin, Alexander P"]
[Result "1-0"]
[WhiteElo "2491"]
[BlackElo "2337"]
[PlyCount "53"]
[EventDate "2008.02.02"]
[EventType "swiss"]
[EventRounds "9"]
[EventCountry "RUS"]
[Source "lmi"]
[SourceDate "2008.02.02"]

1. e4 e5 2. Nf3 Nc6 3. Bb5 a6 4. Ba4 Nf6 5. O-O Be7 6. Re1 b5 7. Bb3 d6 8. c3
O-O 9. h3 Nb8 10. d4 Nbd7 11. Nbd2 Bb7 12. Bc2 Re8 13. Nf1 d5 14. exd5 exd4 15.
Nxd4 Nxd5 16. Nf5 N7f6 17. Bg5 Bf8 18. Qf3 Rxe1 19. Rxe1 Rb8 20. Qg3 g6 21.
Nh6+ Kg7 22. Qh4 Qd7 23. Ne3 Qc6 24. Nef5+ gxf5 25. Qg3 Nh5 26. Bf6+ Kxf6 27.
Ng8# 1-0

[Event "4. Moscu Open 2008"]
[Site "Moscu RUS"]
[Date "2008.02.04"]
[Round "3.66"]
[White "Friedel, Joshua E"]
[Black "Davydov, Sergey P"]
[Result "1-0"]
[WhiteElo "2487"]
[BlackElo "2335"]
[PlyCount "67"]
[EventDate "2008.02.02"]
[EventType "swiss"]
[EventRounds "9"]
[EventCountry "RUS"]
[Source "lmi"]
[SourceDate "2008.02.02"]

1. e4 c5 2. Nf3 e6 3. d4 cxd4 4. Nxd4 Nc6 5. Nc3 Qc7 6. Be3 a6 7. Bd3 Nf6 8.
O-O d6 9. f4 Be7 10. Qf3 Bd7 11. Rae1 O-O 12. a3 Rac8 13. Qg3 b5 14. e5 Ne8 15.
Nxc6 Qxc6 16. Ne4 d5 17. Ng5 f5 18. exf6 Nxf6 19. Bd4 h6 20. Nf3 Bc5 21. Kh1
Bxd4 22. Nxd4 Qb6 23. c3 a5 24. f5 exf5 25. Re7 Rf7 26. Rxf7 Kxf7 27. Bxf5 Kg8
28. Bxd7 Nxd7 29. Nf5 Qf6 30. Qd3 Rc5 31. b4 axb4 32. axb4 Qxc3 33. Ne7+ Kh8
34. Qf5 1-0

[Event "4. Moscu Open 2008"]
[Site "Moscu RUS"]
[Date "2008.02.04"]
[Round "3.67"]
[White "Rjabzev, Konstantin"]
[Black "Ulko, Jaroslav"]
[Result "1/2-1/2"]
[WhiteElo "2332"]
[BlackElo "2482"]
[PlyCount "91"]
[EventDate "2008.02.02"]
[EventType "swiss"]
[EventRounds "9"]
[EventCountry "RUS"]
[Source "lmi"]
[SourceDate "2008.02.02"]

1. e4 c5 2. Nf3 Nc6 3. d4 cxd4 4. Nxd4 e6 5. c4 Nf6 6. Nc3 Bb4 7. Nxc6 bxc6 8.
Bd3 O-O 9. O-O d5 10. exd5 cxd5 11. cxd5 Bxc3 12. bxc3 Qxd5 13. c4 Qc6 14. Bb2
Bb7 15. f3 Qb6+ 16. Rf2 Rfd8 17. Qc2 Qe3 18. Rd1 h6 19. Qb3 Qb6 20. Bxf6 gxf6
21. Qxb6 axb6 22. Rb2 Ba6 23. Be2 Rxd1+ 24. Bxd1 Bxc4 25. a4 Rd8 26. Be2 Bxe2
27. Rxe2 Rd4 28. Rb2 Rxa4 29. Rxb6 Kg7 30. Rb2 f5 31. Kf2 h5 32. g3 f4 33. gxf4
Rxf4 34. Rb5 Kg6 35. Kg3 Rf5 36. Rb8 h4+ 37. Kg4 e5 38. Rb6+ f6 39. Rb4 Rh5 40.
Rb6 Rh8 41. f4 exf4 42. Kxf4 Ra8 43. Rb4 Ra2 44. h3 Rg2 45. Rb3 Rg5 46. Ra3
1/2-1/2

[Event "4. Moscu Open 2008"]
[Site "Moscu RUS"]
[Date "2008.02.04"]
[Round "3.68"]
[White "Iskusnyh, Sergei"]
[Black "Sharafiev, Azat"]
[Result "0-1"]
[WhiteElo "2478"]
[BlackElo "2332"]
[PlyCount "44"]
[EventDate "2008.02.02"]
[EventType "swiss"]
[EventRounds "9"]
[EventCountry "RUS"]
[Source "lmi"]
[SourceDate "2008.02.02"]

1. d4 e6 2. c4 b6 3. e4 Bb7 4. Bd3 f5 5. exf5 Bxg2 6. Qh5+ g6 7. fxg6 Bg7 8.
gxh7+ Kf8 9. Bg5 Nf6 10. Qh4 Bxh1 11. Ne2 Nc6 12. Nbc3 e5 13. d5 e4 14. Bxe4
Bxe4 15. Nxe4 Ne5 16. O-O-O Ng6 17. Qg3 Qe7 18. N2c3 Qf7 19. Rg1 Nxe4 20. Nxe4
Rxh7 21. Be3 Rh4 22. f3 Bh6 0-1

[Event "4. Moscu Open 2008"]
[Site "Moscu RUS"]
[Date "2008.02.04"]
[Round "3.69"]
[White "Papin, Vasily"]
[Black "Polschikov, Alexey"]
[Result "1/2-1/2"]
[WhiteElo "2475"]
[BlackElo "2330"]
[PlyCount "69"]
[EventDate "2008.02.02"]
[EventType "swiss"]
[EventRounds "9"]
[EventCountry "RUS"]
[Source "lmi"]
[SourceDate "2008.02.02"]

1. e4 c6 2. Nc3 d5 3. Nf3 Bg4 4. h3 Bxf3 5. Qxf3 e6 6. d3 Nf6 7. Bd2 Bb4 8. a3
Ba5 9. e5 d4 10. Nb1 Nd5 11. Qg4 O-O 12. Qxd4 Bb6 13. Qe4 Bxf2+ 14. Kxf2 Qb6+
15. d4 Qxb2 16. c4 Qxa1 17. cxd5 cxd5 18. Qd3 f6 19. exf6 Rxf6+ 20. Kg3 Nc6 21.
Bc3 Qa2 22. Be2 Raf8 23. Rd1 Rg6+ 24. Bg4 Qf2+ 25. Kh2 Rxg4 26. hxg4 Rf6 27.
Bd2 Nxd4 28. Qg3 Nf3+ 29. Kh3 Qe2 30. Rc1 Nxd2 31. Rc8+ Kf7 32. Qc7+ Kg6 33.
Qc2+ Kg5 34. Qxd2+ Qxd2 35. Nxd2 1/2-1/2

[Event "4. Moscu Open 2008"]
[Site "Moscu RUS"]
[Date "2008.02.04"]
[Round "3.70"]
[White "Yandemirov, Valeri"]
[Black "Isaev, Yuri"]
[Result "1-0"]
[WhiteElo "2461"]
[BlackElo "2328"]
[PlyCount "83"]
[EventDate "2008.02.02"]
[EventType "swiss"]
[EventRounds "9"]
[EventCountry "RUS"]
[Source "lmi"]
[SourceDate "2008.02.02"]

1. e4 c5 2. Nf3 d6 3. d4 cxd4 4. Nxd4 Nf6 5. f3 e5 6. Bb5+ Nbd7 7. Nf5 a6 8.
Bxd7+ Qxd7 9. Bg5 Qc6 10. Bxf6 Bxf5 11. exf5 gxf6 12. Nc3 Rc8 13. Qd2 h5 14.
Rd1 Rg8 15. Nd5 Be7 16. c3 Rg5 17. Qc2 Qc5 18. h4 Rg8 19. Qf2 Bd8 20. Qxc5 dxc5
21. Kf2 c4 22. Rhe1 Kf8 23. f4 Kg7 24. Kf3 Re8 25. Re4 b5 26. fxe5 Rxe5 27.
Rxe5 fxe5 28. g3 f6 29. Nb4 Be7 30. Rd7 Kf8 31. Nxa6 Ra8 32. Nc7 Rxa2 33. Nd5
Bc5 34. Rc7 Bg1 35. Nxf6 Rxb2 36. Ke4 b4 37. cxb4 Rxb4 38. Nd7+ Kg8 39. f6 Rb3
40. Nxe5 Rxg3 41. Rc8+ Kh7 42. f7 1-0

[Event "4. Moscu Open 2008"]
[Site "Moscu RUS"]
[Date "2008.02.04"]
[Round "3.71"]
[White "Demin, Vladimir"]
[Black "Ipatov, Alexander"]
[Result "1/2-1/2"]
[WhiteElo "2459"]
[BlackElo "2323"]
[PlyCount "39"]
[EventDate "2008.02.02"]
[EventType "swiss"]
[EventRounds "9"]
[EventCountry "RUS"]
[Source "lmi"]
[SourceDate "2008.02.02"]

1. d4 d5 2. Nf3 Nf6 3. c4 c6 4. e3 Bf5 5. Nc3 e6 6. Nh4 Be4 7. f3 Bg6 8. Qb3
Qc7 9. Bd2 Be7 10. Nxg6 hxg6 11. O-O-O a6 12. cxd5 cxd5 13. Kb1 Nc6 14. Rc1 O-O
15. Na4 b5 16. Nc5 Nd7 17. Nxd7 Qxd7 18. f4 Rfc8 19. Bd3 Qd8 20. Rc2 1/2-1/2

[Event "4. Moscu Open 2008"]
[Site "Moscu RUS"]
[Date "2008.02.04"]
[Round "3.72"]
[White "Lushenkov, Mikhail"]
[Black "Gundavaa, Bayarsaihan"]
[Result "0-1"]
[WhiteElo "2458"]
[BlackElo "2320"]
[PlyCount "130"]
[EventDate "2008.02.02"]
[EventType "swiss"]
[EventRounds "9"]
[EventCountry "RUS"]
[Source "lmi"]
[SourceDate "2008.02.02"]

1. Nf3 Nf6 2. c4 e6 3. g3 d5 4. Bg2 Be7 5. O-O O-O 6. b3 c5 7. e3 Nc6 8. Bb2 d4
9. exd4 cxd4 10. Re1 Bd6 11. d3 Re8 12. a3 a5 13. Qc2 e5 14. c5 Bf8 15. Nbd2
Bf5 16. Ng5 Nd7 17. Nge4 Rc8 18. Rac1 b6 19. cxb6 Nxb6 20. Nc4 Nd5 21. Qe2 Be6
22. Rc2 f6 23. Rec1 Na7 24. Qd2 Nb5 25. h4 Ra8 26. Bf3 Be7 27. Bh5 Rf8 28. Re1
Ra6 29. Qc1 Ndc3 30. Bf3 Nxe4 31. Bxe4 Nd6 32. Bg2 Qb8 33. Bxd4 Qxb3 34. Rc3
Qb8 35. Bc5 Qd8 36. Nxd6 Bxd6 37. Bb7 Bxc5 38. Bxa6 Bd4 39. Bc4 Qb6 40. Bxe6+
Qxe6 41. Rc7 Qh3 42. Qc4+ Kh8 43. Re2 Qxg3+ 44. Kf1 Qxh4 45. Ke1 Qh1+ 46. Kd2
Qa8 47. Qc6 Qxc6 48. Rxc6 h5 49. f3 Kh7 50. Rh2 Kh6 51. Rh1 g5 52. Ra6 h4 53.
Rxa5 Kg6 54. Ra6 Kf5 55. a4 Kf4 56. Rh3 f5 57. Rc6 Rh8 58. Ke2 g4 59. fxg4 fxg4
60. Rh1 h3 61. Rg6 Rb8 62. Rf6+ Kg3 63. Rf5 Kh4 64. Rf6 Rb2+ 65. Kf1 h2 0-1

[Event "4. Moscu Open 2008"]
[Site "Moscu RUS"]
[Date "2008.02.04"]
[Round "3.73"]
[White "Khusnutdinov, Rustam"]
[Black "Hovhannisyan, Robert"]
[Result "1-0"]
[WhiteElo "2452"]
[BlackElo "2319"]
[PlyCount "33"]
[EventDate "2008.02.02"]
[EventType "swiss"]
[EventRounds "9"]
[EventCountry "RUS"]
[Source "lmi"]
[SourceDate "2008.02.02"]

1. e4 e5 2. Nf3 Nf6 3. d4 Nxe4 4. dxe5 Bc5 5. Bc4 Bxf2+ 6. Kf1 f5 7. exf6 Qxf6
8. Nbd2 Nxd2+ 9. Bxd2 Bc5 10. Bg5 Qf8 11. Qe2+ Be7 12. Ke1 Nc6 13. Rf1 Kd8 14.
Ne5 Bxg5 15. Rxf8+ Rxf8 16. Nf7+ Rxf7 17. Bxf7 1-0

[Event "4. Moscu Open 2008"]
[Site "Moscu RUS"]
[Date "2008.02.04"]
[Round "3.74"]
[White "Leontiev, Aleksandr V"]
[Black "Sitnikov, Anton"]
[Result "0-1"]
[WhiteElo "2330"]
[BlackElo "2450"]
[PlyCount "80"]
[EventDate "2008.02.02"]
[EventType "swiss"]
[EventRounds "9"]
[EventCountry "RUS"]
[Source "lmi"]
[SourceDate "2008.02.02"]

1. c4 c6 2. e4 d6 3. d4 Nf6 4. Nc3 e5 5. Nf3 Nbd7 6. g3 g6 7. Bg2 Bg7 8. O-O
O-O 9. Re1 Qb6 10. h3 exd4 11. Nxd4 Ne8 12. Nb3 a5 13. Nd2 Ne5 14. Qe2 Nc7 15.
Qe3 Qxe3 16. Rxe3 Ne6 17. f4 Nd7 18. Nf3 Nd4 19. Rd3 Nc2 20. Rb1 Nc5 21. Rxd6
Bxc3 22. bxc3 Nxe4 23. Rd3 Nxg3 24. Nd4 Nxd4 25. cxd4 Bf5 26. Rxg3 Bxb1 27. a3
Rfe8 28. Kf2 Rad8 29. Bb2 Ba2 30. Bf1 Re4 31. Rf3 c5 32. Bd3 Rexd4 33. Bxd4
Rxd4 34. Kg3 a4 35. f5 Bxc4 36. Bxc4 Rxc4 37. f6 Kf8 38. Re3 Rd4 39. Re7 Rd6
40. Rxb7 Rxf6 0-1

[Event "4. Moscu Open 2008"]
[Site "Moscu RUS"]
[Date "2008.02.04"]
[Round "3.75"]
[White "Kuznetsov, Viktor"]
[Black "Moiseev, Gumar"]
[Result "1-0"]
[WhiteElo "2590"]
[BlackElo "2310"]
[PlyCount "43"]
[EventDate "2008.02.02"]
[EventType "swiss"]
[EventRounds "9"]
[EventCountry "RUS"]
[Source "lmi"]
[SourceDate "2008.02.02"]

1. e4 e5 2. Nf3 Nc6 3. Bb5 a6 4. Ba4 Nf6 5. O-O Be7 6. Re1 b5 7. Bb3 O-O 8. h3
Bb7 9. c3 d5 10. exd5 Nxd5 11. d3 Qd6 12. a4 b4 13. Nfd2 Nf4 14. Nc4 Qxd3 15.
Bxf4 Qxd1 16. Rxd1 exf4 17. Rd7 bxc3 18. bxc3 Bf6 19. Rxc7 Nd8 20. Nd6 Bf3 21.
gxf3 Rb8 22. Bd5 1-0

[Event "4. Moscu Open 2008"]
[Site "Moscu RUS"]
[Date "2008.02.04"]
[Round "3.76"]
[White "Batchuluun, Cegmed"]
[Black "Demianjuk, Alexander"]
[Result "0-1"]
[WhiteElo "2432"]
[BlackElo "2305"]
[PlyCount "136"]
[EventDate "2008.02.02"]
[EventType "swiss"]
[EventRounds "9"]
[EventCountry "RUS"]
[Source "lmi"]
[SourceDate "2008.02.02"]

1. d4 d5 2. c4 e6 3. Nc3 Nf6 4. Nf3 Be7 5. Bg5 h6 6. Bh4 O-O 7. e3 b6 8. cxd5
Nxd5 9. Bxe7 Qxe7 10. Rc1 Bb7 11. Be2 c5 12. Nxd5 Bxd5 13. dxc5 Rd8 14. Qc2 Rc8
15. b4 a5 16. e4 Bb7 17. a3 axb4 18. axb4 bxc5 19. b5 Nd7 20. O-O Nb6 21. Nd2
Rd8 22. Nc4 Nxc4 23. Qxc4 Rd4 24. Qxc5 Qxc5 25. Rxc5 Bxe4 26. f3 Rd2 27. Bc4
Bd5 28. Rf2 Ra1+ 29. Bf1 Rdd1 30. g4 Ra3 31. Kg2 g5 32. Rcc2 Rb1 33. Be2 Kg7
34. Rf1 Rxf1 35. Kxf1 Bxf3 36. Rb2 Ba8 37. Kf2 Kf6 38. b6 Bb7 39. Bf1 Ke5 40.
Bg2 Bxg2 41. Kxg2 Ra8 42. Kf3 Rb8 43. b7 Kd5 44. Ke3 Kc6 45. Rc2+ Kxb7 46. Kd4
f6 47. Rf2 Rd8+ 48. Kc4 Rf8 49. Kc5 Kc7 50. Ra2 f5 51. Ra7+ Kb8 52. Re7 f4 53.
Rxe6 f3 54. Re1 f2 55. Rf1 Rf4 56. Kc6 Kc8 57. h3 Kd8 58. Kd6 Ke8 59. Ke6 Kf8
60. Kd6 Kf7 61. Kd5 Kf6 62. Kd6 Rd4+ 63. Kc5 Rd2 64. Kc4 Ke5 65. Kc3 Ra2 66.
Kd3 Kf4 67. Rb1 Kg3 68. Ke3 Kg2 0-1

[Event "4. Moscu Open 2008"]
[Site "Moscu RUS"]
[Date "2008.02.04"]
[Round "3.77"]
[White "Pruess, David"]
[Black "Nguyen, Viet Tuong"]
[Result "1-0"]
[WhiteElo "2431"]
[BlackElo "2301"]
[PlyCount "51"]
[EventDate "2008.02.02"]
[EventType "swiss"]
[EventRounds "9"]
[EventCountry "RUS"]
[Source "lmi"]
[SourceDate "2008.02.02"]

1. e4 c5 2. Nf3 Nc6 3. d4 cxd4 4. Nxd4 g6 5. Nc3 Bg7 6. Be3 Nf6 7. Bc4 Qa5 8.
O-O d6 9. Nb3 Qc7 10. Be2 O-O 11. f4 Bd7 12. g4 Rfc8 13. f5 Ne5 14. g5 Ne8 15.
Nd4 Qd8 16. Qe1 a6 17. Rd1 b5 18. h4 Bf8 19. h5 Rab8 20. hxg6 hxg6 21. Qh4 b4
22. Nd5 Nc7 23. Nf4 Nb5 24. Bxb5 axb5 25. Rd2 Bg7 26. fxg6 1-0

[Event "4. Moscu Open 2008"]
[Site "Moscu RUS"]
[Date "2008.02.04"]
[Round "3.78"]
[White "Paveliev, Alexey"]
[Black "Ajrapetian, Gevorg"]
[Result "0-1"]
[WhiteElo "2423"]
[BlackElo "2298"]
[PlyCount "99"]
[EventDate "2008.02.02"]
[EventType "swiss"]
[EventRounds "9"]
[EventCountry "RUS"]
[Source "lmi"]
[SourceDate "2008.02.02"]

1. e4 c5 2. Nf3 e6 3. Nc3 a6 4. g3 d6 5. d4 cxd4 6. Nxd4 Nf6 7. Bg2 Be7 8. O-O
Qc7 9. Nce2 O-O 10. b3 Nbd7 11. c4 Rb8 12. Bb2 b6 13. Rc1 Bb7 14. Nc3 Rbc8 15.
Qe2 Qb8 16. f4 Rfd8 17. f5 e5 18. Nc2 Qa8 19. Nb4 a5 20. Nbd5 Bxd5 21. exd5 Nc5
22. Rcd1 Qb7 23. g4 h6 24. h4 Nh7 25. Qf2 Bf6 26. Kh2 e4 27. Nxe4 Nxe4 28. Bxe4
b5 29. cxb5 Bxb2 30. Qxb2 Qxb5 31. Bf3 Re8 32. Qd2 a4 33. bxa4 Qxa4 34. Rf2 Nf6
35. Rg1 h5 36. Bd1 Qe4 37. Qf4 hxg4 38. Qxe4 Rxe4 39. Rc2 Ra8 40. Rcg2 Ra3 41.
Bb3 Ra8 42. Rc2 Re3 43. Rgg2 Ne4 44. Rg1 Rh3+ 45. Kg2 Rg3+ 46. Kh2 Rh3+ 47. Kg2
Nc5 48. Rc4 Nxb3 49. Rxg4 Rc3 50. a4 0-1

[Event "4. Moscu Open 2008"]
[Site "Moscu RUS"]
[Date "2008.02.04"]
[Round "3.79"]
[White "Shvedchikov, Anatoli I"]
[Black "Demidov, Mikhail"]
[Result "1-0"]
[WhiteElo "2423"]
[BlackElo "2289"]
[PlyCount "77"]
[EventDate "2008.02.02"]
[EventType "swiss"]
[EventRounds "9"]
[EventCountry "RUS"]
[Source "lmi"]
[SourceDate "2008.02.02"]

1. c4 e6 2. Nf3 Nf6 3. b3 b6 4. g3 Bb7 5. Bg2 Be7 6. Bb2 d6 7. O-O O-O 8. d4
Nbd7 9. Nc3 a6 10. Qc2 c5 11. d5 exd5 12. Nh4 Ra7 13. cxd5 b5 14. Nf5 Ne8 15.
Nxe7+ Qxe7 16. e4 Nb6 17. Nd1 f6 18. Ne3 Bc8 19. a4 b4 20. a5 Nd7 21. f4 Rf7
22. Rfe1 Qd8 23. Nc4 Nf8 24. e5 Rfe7 25. e6 Nc7 26. h4 Nb5 27. h5 Re8 28. Qd3
h6 29. Ne3 Rc7 30. Kf2 Bb7 31. Nf5 Ree7 32. Be4 Re8 33. g4 Qa8 34. e7 Nd7 35.
Nxh6+ gxh6 36. Bh7+ Kh8 37. Qg6 Ne5 38. Qxf6+ Kxh7 39. Rxe5 1-0

[Event "4. Moscu Open 2008"]
[Site "Moscu RUS"]
[Date "2008.02.04"]
[Round "3.80"]
[White "Zolotukhin, Valery"]
[Black "Balashov, Yuri S"]
[Result "1-0"]
[WhiteElo "2330"]
[BlackElo "2421"]
[PlyCount "89"]
[EventDate "2008.02.02"]
[EventType "swiss"]
[EventRounds "9"]
[EventCountry "RUS"]
[Source "lmi"]
[SourceDate "2008.02.02"]

1. e4 c5 2. Nf3 d6 3. d4 cxd4 4. Nxd4 Nf6 5. Nc3 Nc6 6. Bg5 e6 7. Qd2 a6 8.
O-O-O Bd7 9. f3 Be7 10. h4 h6 11. Be3 h5 12. Bg5 Qc7 13. Kb1 Nxd4 14. Qxd4 b5
15. Bd3 Qa7 16. Qxa7 Rxa7 17. Rd2 Bc6 18. Ne2 Rc7 19. Nd4 Bb7 20. Rc1 Nd7 21.
Bf1 Bxg5 22. hxg5 Ke7 23. c4 Rhc8 24. Nb3 bxc4 25. Na5 Nb6 26. Rdc2 d5 27. exd5
Bxd5 28. b3 c3 29. b4 Na4 30. Bxa6 Rb8 31. b5 Kd6 32. Ka1 Ke5 33. Nb3 Rb6 34.
Re1+ Kf4 35. Nc1 Nc5 36. Rxc3 Nxa6 37. bxa6 Ra7 38. Nd3+ Kg3 39. Nc5 h4 40. Rh1
Rb4 41. Rc2 Rb5 42. g6 e5 43. Rh3+ Kf4 44. Rxh4+ Ke3 45. gxf7 1-0

[Event "4. Moscu Open 2008"]
[Site "Moscu RUS"]
[Date "2008.02.04"]
[Round "3.81"]
[White "Lyaskovsky, Viktor"]
[Black "Ivanov, Alexey"]
[Result "1/2-1/2"]
[WhiteElo "2326"]
[BlackElo "2314"]
[PlyCount "58"]
[EventDate "2008.02.02"]
[EventType "swiss"]
[EventRounds "9"]
[EventCountry "RUS"]
[Source "lmi"]
[SourceDate "2008.02.02"]

1. e4 c5 2. Nf3 d6 3. d4 Nf6 4. Nc3 cxd4 5. Nxd4 Nc6 6. Bc4 e6 7. Bb3 a6 8. Be3
Qc7 9. O-O Be7 10. f4 O-O 11. Qf3 Nxd4 12. Bxd4 b5 13. e5 dxe5 14. fxe5 Nd7 15.
Bxe6 fxe6 16. Qxa8 Bb7 17. Rxf8+ Bxf8 18. Qe8 Qc6 19. Kf2 Qxg2+ 20. Ke1 Qh1+
21. Kd2 Qxa1 22. Qxe6+ Kh8 23. Qxd7 Qh1 24. Qd8 Kg8 25. Bc5 Qxh2+ 26. Ne2 Qh6+
27. Ke1 Qh1+ 28. Ng1 Qe4+ 29. Ne2 Qh1+ 1/2-1/2

[Event "4. Moscu Open 2008"]
[Site "Moscu RUS"]
[Date "2008.02.04"]
[Round "3.82"]
[White "Matsenko, Sergei"]
[Black "Djuraev, Sokhib"]
[Result "1-0"]
[WhiteElo "2418"]
[BlackElo "2283"]
[PlyCount "79"]
[EventDate "2008.02.02"]
[EventType "swiss"]
[EventRounds "9"]
[EventCountry "RUS"]
[Source "lmi"]
[SourceDate "2008.02.02"]

1. e4 e5 2. Nf3 Nc6 3. Bb5 a6 4. Ba4 Nf6 5. O-O Be7 6. Re1 b5 7. Bb3 d6 8. c3
O-O 9. h3 Na5 10. Bc2 d5 11. exd5 e4 12. Bxe4 Nxe4 13. Rxe4 Bb7 14. d4 Bxd5 15.
Re1 Qd6 16. Nbd2 Rfe8 17. Ne5 f6 18. Nd3 Bf8 19. Nf1 Rxe1 20. Qxe1 Nc4 21. b3
Nb6 22. Bf4 Qc6 23. Ne3 Be4 24. Qd2 Nd5 25. Nxd5 Bxd5 26. f3 a5 27. Rc1 Qb6 28.
c4 bxc4 29. bxc4 Bf7 30. Be3 Ba3 31. Rc3 Qb1+ 32. Kh2 Bb4 33. Nxb4 axb4 34. Rb3
Qxa2 35. Qxa2 Rxa2 36. Rxb4 h5 37. d5 Kh7 38. Rb7 Rc2 39. d6 Be6 40. Rxc7 1-0

[Event "4. Moscu Open 2008"]
[Site "Moscu RUS"]
[Date "2008.02.04"]
[Round "3.83"]
[White "Romanko, Marina"]
[Black "Pokazanjev, Nikolai"]
[Result "0-1"]
[WhiteElo "2322"]
[BlackElo "2405"]
[PlyCount "66"]
[EventDate "2008.02.02"]
[EventType "swiss"]
[EventRounds "9"]
[EventCountry "RUS"]
[Source "lmi"]
[SourceDate "2008.02.02"]

1. d4 Nf6 2. c4 g6 3. Nf3 Bg7 4. g3 O-O 5. Bg2 d6 6. O-O c6 7. Nc3 Qa5 8. h3
Be6 9. Nd2 Na6 10. a3 Rac8 11. Rb1 Nc7 12. e4 Qa6 13. b3 Nd7 14. Ne2 d5 15. Re1
b5 16. cxd5 cxd5 17. Bb2 dxe4 18. Nxe4 Rfd8 19. Nf4 Bf5 20. Rc1 Ne6 21. Nd5 Kf8
22. a4 Bxe4 23. Rxe4 Qd6 24. Re2 bxa4 25. bxa4 Nb6 26. Rxc8 Rxc8 27. Nxb6 Qxb6
28. Kh2 Nxd4 29. Bxd4 Bxd4 30. Qd2 Qf6 31. Be4 Kg7 32. Kg2 Rc3 33. Qd1 Ra3 0-1

[Event "4. Moscu Open 2008"]
[Site "Moscu RUS"]
[Date "2008.02.04"]
[Round "3.84"]
[White "Purtov, Andrei"]
[Black "Viliavin, Roman"]
[Result "0-1"]
[WhiteElo "2403"]
[BlackElo "2239"]
[PlyCount "94"]
[EventDate "2008.02.02"]
[EventType "swiss"]
[EventRounds "9"]
[EventCountry "RUS"]
[Source "lmi"]
[SourceDate "2008.02.02"]

1. e4 c5 2. Nf3 Nc6 3. d4 cxd4 4. Nxd4 Nf6 5. Nc3 e5 6. Ndb5 d6 7. Bg5 a6 8.
Na3 b5 9. Bxf6 gxf6 10. Nd5 Bg7 11. c3 Ne7 12. Nxe7 Qxe7 13. Nc2 f5 14. exf5
O-O 15. Ne3 Bb7 16. Nd5 Bxd5 17. Qxd5 Rac8 18. Be2 Rc5 19. Qd2 e4 20. O-O Rxf5
21. a4 Be5 22. axb5 axb5 23. Ra5 Rb8 24. g3 Qc7 25. Rxb5 Rxb5 26. Bxb5 Bxg3 27.
hxg3 Rxb5 28. Ra1 Qb6 29. b4 Re5 30. Qh6 Qd8 31. Ra7 e3 32. fxe3 Re6 33. Qf4
Qe8 34. Kf2 Kg7 35. Qg5+ Rg6 36. Qd5 Rf6+ 37. Ke2 Qc8 38. Qg5+ Rg6 39. Qf4 Rf6
40. Qd4 Qh3 41. g4 Qf1+ 42. Kd2 Qg2+ 43. Kd3 d5 44. Ra1 Kg6 45. Qe5 h6 46. Kd4
Qxg4+ 47. Kc5 Qc4# 0-1

[Event "4. Moscu Open 2008"]
[Site "Moscu RUS"]
[Date "2008.02.04"]
[Round "3.85"]
[White "Mikheev, Stanislav"]
[Black "Gorovykh, Eduard"]
[Result "1/2-1/2"]
[WhiteElo "2312"]
[BlackElo "2402"]
[PlyCount "135"]
[EventDate "2008.02.02"]
[EventType "swiss"]
[EventRounds "9"]
[EventCountry "RUS"]
[Source "lmi"]
[SourceDate "2008.02.02"]

1. e4 e6 2. d4 d5 3. exd5 exd5 4. Nf3 Bg4 5. Bd3 Bd6 6. O-O Ne7 7. c4 dxc4 8.
Bxc4 O-O 9. Nc3 Nbc6 10. d5 Bxf3 11. Qxf3 Ne5 12. Qe2 Nf5 13. Qe4 Qf6 14. Bb5
h5 15. Bf4 Ng6 16. Bd3 Nxf4 17. Qxf5 Qxf5 18. Bxf5 Rfe8 19. Rfe1 Bb4 20. Red1
Bxc3 21. bxc3 Re5 22. Bd3 Rxd5 23. Bc4 Rdd8 24. g3 Ng6 25. Bd5 c6 26. Bf3 h4
27. Rab1 Ne5 28. Be4 Rxd1+ 29. Rxd1 hxg3 30. hxg3 Re8 31. Kg2 Kf8 32. Bc2 Ke7
33. Re1 Kd8 34. Bf5 Re7 35. f4 Nc4 36. Rxe7 Kxe7 37. Kf3 Kd6 38. Ke4 Kc5 39.
Bh7 Kd6 40. Kd4 Nb6 41. Be4 Nd7 42. Bc2 Nc5 43. Bd1 b5 44. Bh5 g6 45. Bf3 a5
46. Bg2 a4 47. a3 Nd7 48. Bf1 Nb6 49. Be2 c5+ 50. Ke3 b4 51. cxb4 cxb4 52. Kd2
bxa3 53. Kc2 Kc5 54. Kb1 Nd5 55. Bg4 Nc3+ 56. Kc2 a2 57. Kb2 Kd4 58. Bd7 Ke3
59. Be8 f6 60. Bxg6 Kf3 61. Be8 Kxg3 62. f5 Kf4 63. Bd7 Ke5 64. Be6 Nb5 65. Bd7
Nc3 66. Be6 Kd4 67. Bf7 Ke5 68. Be6 1/2-1/2

[Event "4. Moscu Open 2008"]
[Site "Moscu RUS"]
[Date "2008.02.04"]
[Round "3.86"]
[White "Okara, Andrey"]
[Black "Kozlov, Gennady"]
[Result "1/2-1/2"]
[WhiteElo "2402"]
[BlackElo "2224"]
[PlyCount "53"]
[EventDate "2008.02.02"]
[EventType "swiss"]
[EventRounds "9"]
[EventCountry "RUS"]
[Source "lmi"]
[SourceDate "2008.02.02"]

1. e4 c6 2. d4 d5 3. exd5 cxd5 4. c4 Nf6 5. Nc3 Nc6 6. Bg5 Be6 7. a3 g6 8. Be2
Na5 9. cxd5 Nxd5 10. Nf3 Bg7 11. Bb5+ Nc6 12. O-O O-O 13. Re1 Nxc3 14. bxc3 Rc8
15. Qa4 a6 16. Bd3 h6 17. Bh4 g5 18. Bg3 Qa5 19. Qd1 Qxc3 20. Rc1 Qxa3 21. Re3
Qb4 22. Rb1 Qa5 23. Rxb7 Nxd4 24. Rxe7 Nxf3+ 25. gxf3 Bh3 26. Be5 Qc5 27. Bxg7
1/2-1/2

[Event "4. Moscu Open 2008"]
[Site "Moscu RUS"]
[Date "2008.02.04"]
[Round "3.87"]
[White "Kolmakov, Pavel"]
[Black "Slugin, Sergey"]
[Result "1/2-1/2"]
[WhiteElo "2241"]
[BlackElo "2402"]
[PlyCount "145"]
[EventDate "2008.02.02"]
[EventType "swiss"]
[EventRounds "9"]
[EventCountry "RUS"]
[Source "lmi"]
[SourceDate "2008.02.02"]

1. e4 c6 2. d4 d5 3. exd5 cxd5 4. Nf3 Nc6 5. c3 Bg4 6. Be2 e6 7. Bf4 Bd6 8.
Bxd6 Qxd6 9. Nbd2 Nf6 10. O-O Nd7 11. Ne1 Bxe2 12. Qxe2 O-O 13. f4 f5 14. Ndf3
Nf6 15. Nd3 Ne4 16. Nfe5 b5 17. Nxc6 Qxc6 18. Rf3 a5 19. a3 Ra7 20. Rh3 Qe8 21.
Kh1 Kh8 22. Rf1 g5 23. fxg5 Rg7 24. Rh6 Rfg8 25. Nf4 Rxg5 26. Rxe6 Qd7 27. Re5
Re8 28. Qd3 Rxe5 29. dxe5 Rg8 30. e6 Qa7 31. Qxd5 Nf2+ 32. Rxf2 Qxf2 33. Qe5+
Rg7 34. h3 Qh4 35. e7 Qxe7 36. Ne6 a4 37. Kh2 h6 38. Qxg7+ Qxg7 39. Nxg7 Kxg7
40. Kg3 Kf6 41. Kf4 Kg6 42. Kg3 Kf6 43. Kf4 Ke6 44. h4 Kf6 45. g3 Ke6 46. g4
fxg4 47. Kxg4 Kf6 48. Kh5 Kg7 49. Kg4 Kf6 50. Kf4 Kg6 51. Ke5 Kh5 52. Kd4 Kxh4
53. Kc5 Kg3 54. Kxb5 h5 55. c4 h4 56. c5 h3 57. c6 h2 58. c7 h1=Q 59. c8=Q Qd1
60. Qc3+ Kh2 61. Kb4 Qd7 62. Kc4 Qe6+ 63. Kd3 Qf5+ 64. Kd2 Qf2+ 65. Kd1 Qa7 66.
Qe5+ Kg2 67. Kd2 Qa8 68. Ke1 Kf3 69. Qh5+ Kf4 70. Qh2+ Kf5 71. Kf1 Ke6 72. Qg2
Qxg2+ 73. Kxg2 1/2-1/2

[Event "4. Moscu Open 2008"]
[Site "Moscu RUS"]
[Date "2008.02.04"]
[Round "3.88"]
[White "Chernobay, Artem"]
[Black "Yudin, Ivan"]
[Result "1-0"]
[WhiteElo "2401"]
[BlackElo "2176"]
[PlyCount "97"]
[EventDate "2008.02.02"]
[EventType "swiss"]
[EventRounds "9"]
[EventCountry "RUS"]
[Source "lmi"]
[SourceDate "2008.02.02"]

1. e4 c5 2. Nf3 d6 3. d4 cxd4 4. Nxd4 Nf6 5. Nc3 a6 6. Be3 e6 7. g4 e5 8. Nf5
g6 9. g5 gxf5 10. exf5 d5 11. Qf3 d4 12. O-O-O Nbd7 13. Bxd4 exd4 14. Rxd4 Bc5
15. Rd2 O-O 16. gxf6 Qxf6 17. Rg1+ Kh8 18. Ne4 Qe5 19. Qg4 Nb6 20. Nxc5 Bxf5
21. Qd4 Qxd4 22. Rxd4 Rfc8 23. Ne4 Rc6 24. Bd3 Bg6 25. Nd6 Rc7 26. f4 Bxd3 27.
Rxd3 Rd7 28. b3 Rg8 29. Rxg8+ Kxg8 30. Kd2 Kf8 31. c4 Rc7 32. Nf5 Nd7 33. Rd6
f6 34. Re6 b5 35. Rxa6 bxc4 36. bxc4 Kf7 37. Kc3 Nc5 38. Ra5 Ne6 39. Nd6+ Ke7
40. Nb5 Rd7 41. f5 Nc5 42. Ra7 Ne4+ 43. Kb4 Rxa7 44. Nxa7 Kd6 45. Nb5+ Ke5 46.
c5 Kxf5 47. Nd6+ Nxd6 48. cxd6 Ke6 49. Kc5 1-0